00635nam a2200241 a 4500001001300000003000900013005001700022008004100039020001000080082001500090100002100105245000800126260004100134300000800175500003500183505001000218650002100228700002100249902000800270942000700278952009500285999001300380nice12345678IN_TiNIC20260116011300.0050524s1951 lona grp 000 0 eng  ac10000a241.3bQUE aQuell, Gottfried aSin aLondonbAdam and Charles Blackc1951 a96p aincludes index and biblioraphy2 aIndex aSin-Christianity1 aQuell, Gottfried bSRS cBK 00104070aHMIbHMId2007-06-29g100.00l0o241.3 QUEp01694r2007-06-29w2026-01-16yEB c158d158